00679nam a22001097a 4500040000800000082002700008100002100035245037400056260002600430300002600456856008700482 cRUA aAVM HOU 2012 B102 Or.1 aHOUT, CHAMROEUN. aEffect of paramec 10 and albendazole on the gastrointestinal parasite of cattle in donkor district phnom penh, ប្រសិទ្ធភាពនៃPARAMEC 10 និង ALBENDAZOLE លើវគ្គមានបរាសិតក្នុងក្រពះ ពោះវៀនគោក្នុងខណ្ឌដង្កោ រាជធានីភ្នំពេញ aPhnom PenhbRUAc2012 axi; 45p.bill.c29cm. uhttps://drive.google.com/file/d/1Z-b5wSoZHfRloU5raHmlEOSqfKQy8nPt/view?usp=sharing